000
00210nam a22000977a 4500
999
_c
16002
_d
16002
003
OSt
008
191025b ||||| |||| 00| 0 eng d
100
_a
Joseph,Chervathur.
_9
4464
245
_a
Annakutty
942
_c
BK